| 000 | 00410nam a2200145Ia 4500 | ||
|---|---|---|---|
| 008 | 151021s9999 xx 000 0 und d | ||
| 020 | _a058260334x | ||
| 050 | _aGB439.B821978 | ||
| 245 | _a_Landforms in Africa An introduction to Geomorphology | ||
| 260 | _aEngland Longman 1978 | ||
| 300 | _a249p.:ill | ||
| 500 | _aincludes index | ||
| 650 | _a_Geomorphology | ||
| 980 | _a^d20101209 12:10:01^okilerai | ||
| 999 |
_c5587 _d5587 |
||